| Tag |
First Indicator |
Second Indicator |
Subfields |
| LEADER |
00000cam a2200000 a 4500 |
| 001 |
in00000891786 |
| 005 |
20150923140945.0 |
| 007 |
hd afa013baca |
| 007 |
hd bfa013baaa |
| 008 |
851102s1676 miu a 00010 eng d |
| 035 |
|
|
|a (OCoLC)12752782
|
| 035 |
|
|
|9 AEL4755AM
|
| 037 |
|
|
|a CL0037000054
|b University Microfilms International
|
| 037 |
|
|
|b University Microfilms International, 300 N. Zeeb Rd., Ann Arbor, MI 48106
|
| 040 |
|
|
|a EAH
|c EAH
|d m/c
|d UtOrBLW
|
| 041 |
0 |
|
|a eng
|a lat
|
| 049 |
|
|
|a TXAI
|
| 090 |
|
|
|a BS1463
|b .S64 1676
|
| 099 |
|
|
|a film
|a B
|a 3609
|
| 130 |
0 |
|
|a Bible.
|p Proverbs.
|l English.
|f 1676.
|
| 245 |
1 |
0 |
|a Solomon's proverbs :
|b English and Latin /
|c alphabetically collected for help of memory, fitted for the use of schools by H.D.
|
| 264 |
|
3 |
|a London :
|b Printed by J.R. for William Redmayne ...,
|c 1676.
|
| 300 |
|
|
|a 167 unnumbered pages
|
| 336 |
|
|
|a text
|b txt
|2 rdacontent
|
| 337 |
|
|
|a microform
|b h
|2 rdamedia
|
| 338 |
|
|
|a microfilm reel
|b hd
|2 rdacarrier
|
| 500 |
|
|
|a H.D. is Henry Danvers (d. 1687) -- NUC pre-1956 imprints.
|
| 500 |
|
|
|a English and Latin on opposite pages.
|
| 500 |
|
|
|a Reproduction of original in the British Library.
|
| 510 |
4 |
|
|a Wing
|c B2631B
|
| 533 |
|
|
|a Microfilm.
|b Ann Arbor, Mich. :
|c University Microfilms International,
|d 1984.
|e 1 microfilm reel ; 35 mm.
|f (Early English books, 1641-1700 ; 1521:2)
|
| 500 |
|
|
|a Microform.
|
| 700 |
1 |
|
|a Danvers, Henry,
|d -1687.
|
| 730 |
0 |
|
|a Bible.
|p Ecclesiastes.
|l English.
|f 1689.
|
| 730 |
0 |
|
|a Bible.
|p Ecclesiastes.
|l Latin.
|f 1689.
|
| 730 |
0 |
|
|a Bible.
|p Proverbs.
|l English.
|f 1689.
|
| 830 |
|
0 |
|a Early English books, 1641-1700 ;
|v 1521:2.
|
| 999 |
|
|
|a MARS
|
| 999 |
f |
f |
|s 620ccd32-53f9-3766-af6f-687b3e1c0dca
|i 68e8790d-ed27-3c00-8ae5-ee192455358e
|t 0
|
| 952 |
f |
f |
|p default
|a Texas A&M University
|b College Station
|c Sterling C. Evans Library
|d Evans: Microforms (3rd floor)
|t 0
|e film B 3609 1521:2
|h Other scheme
|i microform -- microfilm reel
|
| 998 |
f |
f |
|a film B 3609 1521:2
|t 0
|l Evans: Microforms (3rd floor)
|